The runaway teddy bear. (Record no. 113681)
[ view plain ]
| 000 -LEADER | |
|---|---|
| fixed length control field | 00262nam a2200109 a 4500 |
| 005 - DATE AND TIME OF LATEST TRANSACTION | |
| control field | 20140414132034.0 |
| 008 - FIXED-LENGTH DATA ELEMENTS--GENERAL INFORMATION | |
| fixed length control field | 110315s19uu xx 00 eng d |
| 050 ## - LIBRARY OF CONGRESS CALL NUMBER | |
| Classification number | TR |
| Item number | R87 1986 |
| 100 ## - MAIN ENTRY--PERSONAL NAME | |
| Personal name | Hofmann, Ginnie |
| 245 ## - TITLE STATEMENT | |
| Title | The runaway teddy bear. |
| Withdrawn status | Lost status | Damaged status | Home library | Current library | Shelving location | Date acquired | Source of acquisition | Total Checkouts | Full call number | Barcode | Date last seen | Price effective from | Koha item type |
|---|---|---|---|---|---|---|---|---|---|---|---|---|---|
| Munich Library | Munich Library | Teachers Reference Section | 03/15/2011 | TR R87 1986 | M5299 | 04/14/2014 | 04/14/2014 | Books |